| 000 | 00666nam a2200229Ia 4500 | ||
|---|---|---|---|
| 999 |
_c50576 _d50576 |
||
| 001 | 17526 | ||
| 003 | GE_BSU | ||
| 005 | 20200213161852.0 | ||
| 008 | 181216s2009ge xx |||||||||||||| ||ger|| | ||
| 020 | _a9783191017217 | ||
| 040 | _cGE_BSU | ||
| 041 | _ager | ||
| 080 | _a811.112(075.8)D-59 | ||
| 100 |
_aDinsel Sabine. _97077 |
||
| 245 |
_aGroBes Ubungsbuch Deutsch : _bGrammatik / _cSabine Dinsel ; Susanne Geiger. |
||
| 264 |
_aGermany : _bHueber, _c2009. |
||
| 300 |
_a296 p; _bill .; _c23 cm. |
||
| 653 | _aGrammatik | ||
| 653 | _aგერმანული ენა (გრამატიკა) | ||
| 700 |
_aGeiger, Susanne _97078 |
||
| 942 |
_cBK _2udc |
||